College Mathematics : a graphing calculator approach

Αποθηκεύτηκε σε:
Λεπτομέρειες βιβλιογραφικής εγγραφής
Κύριος συγγραφέας: Wheeler, Ruric E. 1923-
Άλλοι συγγραφείς: Neal, Karla, Hofmann, Roseanne Salvatore
Μορφή: Βιβλίο
Γλώσσα:English
Δημοσίευση: New York : John Wiley & Sons, c1996
Θέματα:
Ετικέτες: Προσθήκη ετικέτας
Δεν υπάρχουν, Καταχωρήστε ετικέτα πρώτοι!

MARC

LEADER 00000nam a2200000 i 4500
001 1/49184
008 980721s1996 eng d
020 |a 0-471-05720-7 
035 |l 10043540 
040 |a GR-MY-UA  |b gre  |e aacr 
041 0 |a eng 
082 0 |a 510 
100 1 |a Wheeler, Ruric E.  |d 1923- 
245 1 0 |a College Mathematics :  |b a graphing calculator approach /  |c Ruric Wheeler, Karla Neal, Roseanne Hofmann 
260 |a New York :   |b John Wiley & Sons,   |c c1996 
300 |a xvi, 861, [112] p.;  |b ill.;  |c 24 cm. 
500 |a Includes index 
650 0 0 |a Mathematics  |x Data processing. 
650 0 0 |a Graphic calculators. 
700 1 |a Neal, Karla. 
700 1 |a Hofmann, Roseanne Salvatore. 
852 |a INST  |b SAMOS  |e 19980721  |h 510 WHE  |p 005300010919  |q 005300010919  |t BK  |y 0 
901 |a BIBL-1998-2 
909 |a Σ  |b 057515 
922 |a 3ΕΛΗ  |b 199807  |c ΔΩΡ  |d JOHN WILEY